| 000 | 00392nam a22001697a 4500 | ||
|---|---|---|---|
| 003 | SGT | ||
| 020 | _a9789352704996 | ||
| 082 |
_a615 _bE21T |
||
| 100 | _aTRIPATHI, K.D | ||
| 245 | _aESSENTIALS OF MEDICAL PHARMACOLOGY | ||
| 250 | _a8TH | ||
| 260 |
_aNEW DELHI _bJAYEE. PUB _c2021 |
||
| 300 | _a1122 | ||
| 650 | _aPHARAMACOLOGY | ||
| 653 | _aPHARAMACOLOGY, MEDICAL | ||
| 942 |
_2ddc _cBK _010 |
||
| 999 |
_c22872 _d22872 |
||